Az életbiztosítások szerepe az egyes életpálya-szakaszokban, különös tekintettel az X és Y generációkra.

Elmentve itt :
Bibliográfiai részletek
Szerző: Csabai Regina Réka
További közreműködők: Schneider Klára (Témavezető)
Dokumentumtípus: Szakdolgozat
Megjelent: 2020
Tárgyszavak:
Online Access:http://diploma.bibl.u-szeged.hu/108362
LEADER 00841nta a2200193 i 4500
001 dipl108362
005 20210311074214.0
008 210311s2020 hu om 0|| zxx d
040 |a SZTE Diploma Repozitórium  |b hun 
041 |a zxx 
100 1 |a Csabai Regina Réka 
245 1 3 |a Az életbiztosítások szerepe az egyes életpálya-szakaszokban, különös tekintettel az X és Y generációkra.  |h [elektronikus dokumentum] /  |c Regina Réka Csabai 
246 1 0 |a The role of life insurance for each chapter of the lifespan, especially for generations X and Y.  |h [elektronikus dokumentum] 
260 |c 2020 
650 4 |a Gazdaságtudományok 
650 4 |a Social sciences 
650 4 |a Economics and business 
700 1 |a Schneider Klára  |e ths 
856 4 0 |u http://diploma.bibl.u-szeged.hu/id/eprint/108362/1/2020_csabai_regina_reka.pdf  |z Dokumentum-elérés